Topics in modern algebra

Αποθηκεύτηκε σε:
Λεπτομέρειες βιβλιογραφικής εγγραφής
Κύριος συγγραφέας: Benner, Charles P.
Μορφή: Βιβλίο
Γλώσσα:English
Δημοσίευση: New York : John Weatherhill : Harper ;, Tokyo, 1964, c1962
Έκδοση:1rt ed., Repr.
Σειρά:Harper's mathematics series
Θέματα:
Ετικέτες: Προσθήκη ετικέτας
Δεν υπάρχουν, Καταχωρήστε ετικέτα πρώτοι!

MARC

LEADER 00000cam a2200000 i 4500
001 1/97066
008 081111r19641962 eng d
035 |l 10101574 
040 |a GR-MY-UA  |b gre  |e aacr 
041 0 |a eng 
082 0 |a 512  |2 (22) 
100 0 |a Benner, Charles P. 
245 1 0 |a Topics in modern algebra /  |c Charles P. Benner...[κ.ά] 
250 |a 1rt ed., Repr. 
260 |a New York :   |a John Weatherhill :   |b Harper ;,   |b Tokyo,   |c 1964, c1962 
300 |a x, 144 σ.;  |c 22 εκ. 
490 1 |a Harper's mathematics series 
504 |a Περιέχει βιβλιογραφία (σ. 137-138) και ευρετήριο 
650 0 0 |a Algebra. 
830 0 |a Harper's mathematics series 
852 |a INST  |b SAMOS  |c MAG  |e 20081111  |h 512 TOP  |p 005300029653  |q 005300029653  |t BK  |y 0 
901 |a BIBL3-2008-3 
909 |a Σ  |b 155326 
970 |a ΣΙΤΖΙΜΗ  |b ΓΙΑΣΕΜΗ  |z 2008/11/11